Sąsiedzi Sąsiadów Sąsiadów Sąsiadów Sąsiadów Polski - Statystyki

Ogólne statystyki
  • Ten quiz został rozwiązany 12 razy
  • Średni wynik to 9 z 11
Statystyki odpowiedzi
Kontynent Państwo % Poprawnych
Chile
100%
Ameryka Południowa Ekwador
100%
Ameryka Północna Panama
100%
Azja Malezja
90%
Afryka Algieria
80%
Kuwejt
80%
Arabia Saudyjska
70%
Mauretania
70%
Izrael
60%
Jordania
60%
Liban
40%
Nie znaleziono quizów pasujących do podanych kryteriów
Rozkład punktacji
Procent ludzi z każdym wynikiem
Percentyl według liczby udzielonych odpowiedzi
Twoja historia wyników
Nie rozwiązałeś tego quizu